| 000 | 00710cam a22001934a 4500 | ||
|---|---|---|---|
| 005 | 20250605164140.0 | ||
| 008 | 250528s ||||||||||||||||||||||||d | ||
| 035 | _a18932 | ||
| 020 | _a194311872 | ||
| 040 |
_aGR-AtMCL _bgre _dGR-AtMCL _eAACR2 |
||
| 245 | 1 | _aBasic English Usage | |
| 260 |
_bOxford University Press, _c1988 |
||
| 300 | _a288 | ||
| 520 | _aFor students of English at a lower intermediate level and upwards, this reference guide will serve as a comprehensive and reliable study companion. Introduction, List of Entries, Words Used in the Explanations, Phonetic Alphabet, Basic English Usage, Index. | ||
| 700 | 1 |
_aSwan Michael _95217 |
|
| 942 | _cBK | ||
| 999 |
_c4231 _d4231 |
||